000 00474nam a22001577a 4500
005 20251108171132.0
008 250721s1987 xx 000 0 ara d
082 1 4 _a214.2/محم
100 1 _aالسيد أبي، محمد علي حمد
245 1 0 _aحقيقة الجن و الشياطين من الكتاب و السنة /
264 1 _aالخرطوم :
_bدار الحارث،
_c1987.
300 _a143ص.
650 1 7 _aالجن
942 _2ddc
_cBK
999 _c57504
_d57504